Neuzugelassene Automodelle in Deutschland 2022 - Statistiken

Allgemein
  • Dieses Quiz wurde 89 mal gespielt
  • Das Durchschnittsergebnis liegt bei 10 aus 18
Antwortstatistiken
Anzahl Hersteller Modell % Korrekt
84 282 VW Golf
93%
36 231 BMW 3er
86%
35 052 Audi A3, S3, RS3
83%
52 337 Fiat Fiat 500
81%
59 136 VW Tiguan
79%
50 191 Opel Corsa
76%
39 261 VW Passat
76%
35 426 Tesla Model Y
63%
33 454 Mercedes C-Klasse
60%
33 841 Tesla Model 3
60%
33 294 Skoda Octavia
59%
58 942 VW T-Roc
58%
30 286 Opel Mokka
43%
31 048 Toyota Yaris
43%
38 482 Ford Kuga
33%
40 142 Mini Mini
20%
32 529 VW Transporter
11%
32 638 Seat Formentor
9%
Keine übereinstimmenden Quizze gefunden
Verteilung der Resultate
Anzahl Personen mit jedem Resultat
Perzentil nach korrekt beantworteten Fragen
Ihre Resultats-Entwicklung
Sie haben dieses Quiz noch nicht gespielt